E-learning - elektronické vzdelávanie

Definícia pojmu e-learning. Tradičný spôsob výučby mapovaný do architektúry elektronického výukového prostredia. Infraštruktúra, komponenty a implementácie e-learningu. Pedagogika pre e-learning.

Uložené v:
Podrobná bibliografia
Hlavný autor: Daneshjo, Naqibullah, 1964-
Médium: Kapitola
Jazyk:Slovak
Predmet:
Tagy: Pridať tag
Žiadne tagy, Buďte prvý, kto otaguje tento záznam!

MARC

LEADER 00000naa$a2200000$$$4500
001 0274639
005 20240502074319.3
041 0 |a slo 
044 |a SK 
245 1 0 |a E-learning - elektronické vzdelávanie  |c Naqibullah Daneshjo 
520 |a Definícia pojmu e-learning. Tradičný spôsob výučby mapovaný do architektúry elektronického výukového prostredia. Infraštruktúra, komponenty a implementácie e-learningu. Pedagogika pre e-learning. 
610 2 0 |a vzdelávanie elektronické 
610 2 0 |a vyučovanie 
610 2 0 |a pedagogika 
100 1 |a Daneshjo, Naqibullah, 1964-